000 00573nam a2200181 i 4500
001 32566
003 ES-MaACL
005 20230906154609.0
007 t|
008 030131s1919 it ||||1| ita d
100 1 _aBertarelli, Luigi Vittorio.
_928420
245 1 0 _aGuida d'Italia del Toringo Club Italiano
_b: Sicilia /
_cL.B. Bertarelli.
250 _a1ª ed.
260 _aMilano :
_b[s.n.,
_c1919] (
_fCapriolo e Massimino di O. Capriolo)
300 _a478 p. :
_b35 map., il. ;
_c16 cm.
651 4 _aSicilia-
_vGuías turísticas.
_99399
852 _aES-MaACL
_jC-286
999 _c32566
_d32566